000 00512nam a2200145Ia 4500
008 100122s9999 xx 000 0 und d
082 _b26586
_a823
100 _aचेस जेम्स हॅडली
245 _aकिस्सा एका रात्रीचा
260 _bमनोरंजन प्रकाशन
_c1978
300 _a167
630 _aकिस्सा एका रात्रीचा
730 _aकिस्सा एका रात्रीचा
942 _cBOOK
999 _c413022
_d413019